000 01004nam a22003257a 4500
001 0004541
003 KOHA_MİRAKIL
005 20260207001416.0
007 ta
008 090508b1998 tu |||gr||||#||||0|tur |
020 _a9755211608
040 _aTR-BiSEU
_btur
_cTR-BiSEU
_erda
041 0 _atur
044 _ctu
050 _aBP163
_b.Y38 1998
100 1 _aYavuz, Hilmi.
245 1 _aModernleşme, oryantalism ve Islam/
_cHilmi Yavuz ; Hilmi Yavuz.
264 1 _aİstanbul :
_bBoyut,1998.
_c1998
300 _a174 sayfa
336 _ametin
_btxt
_2rdacontent
337 _aaracısız
_bn
_2rdamedia
338 _acilt
_bnc
_2rdacarrier
490 1 _aBoyut kitapları / Düşün yazıları dizisi ;
_v10.
490 1 _aHilmi Yavuz ;
_vVII.
650 0 _aIslam--Turkey.
_911185
650 0 _aIslam--20th century--Addresses essays lectures.
_911186
830 1 _aBoyut kitapları / Düşün yazıları dizisi ;
_v10.
_911187
830 1 _aHilmi Yavuz ;
_vVII.
_911188
942 _2lcc
_cBK
999 _c4523
_d4523